000 00627nam a2200277Ia 4500
005 20260127113120.0
008 008 260114s9999 xx 000 0 eng d
020 _a8190038621
037 _aTextbook
040 _aPSDL
040 _beng
040 _cPSDL
041 _2eng
041 _aeng
084 _qPSDL
100 _aRao, Lakshman
_91109943
245 0 _aParampara Se Juri Bharatiya Rajniti
245 0 _cRao, Lakshman
260 _aDelhi
260 _bBhartiyee Sahiteya Kala Prakashan
260 _c2006
300 _a240p.
942 _cTB
999 _c1675922
_d1675922